| 000 | 00000nas##2200000za#4500 |
| 001 | 9.504108 |
| 003 | CaOODSP |
| 005 | 20200325094700 |
| 007 | cr ||||||||||| |
| 008 | 150406c2013||||xxc|| p o||||f| |0fre|d |
| 040 | |aCaOODSP|bfre |
| 043 | |an-cn--- |
| 086 | 1 |aIN3-16/6-1F-PDF |
| 110 | 1 |aCanada. |bBureau du surintendant des institutions financières Canada. |bBureau de l'actuaire en chef. |
| 245 | 10|aRapport actuariel, modifiant le rapport acturiel sur le régime de retraite des parlementaires ... |h[ressource électronique] |
| 260 | |aOttawa - Ontario : |bBureau du surintendant des institutions financières. |c[2013]-. |
| 310 | |aIrrégulier |
| 691 | 07|aDéputé fédéral|2gcpds |
| 691 | 07|aPension|2gcpds |
| 691 | 07|aSénateur|2gcpds |
| 775 | 08|tActuarial report, updating the actuarial report on the pension plan for the Members of Parliament ... |w(CaOODSP)9.507728 |